Rendimiento máximo: las técnicas de entrenamiento mental de los grandes campeones
Salvato in:
| Autori principali: | , |
|---|---|
| Natura: | Libro |
| Lingua: | spagnolo |
| Pubblicazione: |
Barcelona
Martínez Roca
1987
|
| Serie: | Colección Deportes Técnicos
|
| Soggetti: | |
| Tags: |
Aggiungi Tag
Nessun Tag, puoi essere il primo ad aggiungerne!!
|
MARC
| LEADER | 00000nam a2200000 a 4500 | ||
|---|---|---|---|
| 001 | UCW3809 | ||
| 003 | CL-VaPUC | ||
| 008 | 890411e19870000SP |||||||||||||||||spa|d | ||
| 082 | 0 | 4 | |a 796.077 |b GAR |2 21 |
| 100 | 0 | |a Garfield, Charles A |e author |9 308195 | |
| 700 | 0 | |a Bennett, Hal Zina |e author |9 308196 | |
| 245 | 1 | 0 | |a Rendimiento máximo: las técnicas de entrenamiento mental de los grandes campeones |
| 300 | |a 174 p | ||
| 942 | |c BK | ||
| 945 | |d 19890411 00:00:00 | ||
| 260 | |a Barcelona |b Martínez Roca |c 1987 | ||
| 650 | 7 | |a ENTRENAMIENTO ATLETICO |2 CL-VaPUC |9 308197 | |
| 650 | 7 | |a PROFESIONALISMO EN LOS DEPORTES |2 CL-VaPUC |9 308198 | |
| 650 | 0 | |a Mente y cuerpo |9 307279 | |
| 650 | 7 | |a ESTADO FISICO |2 CL-VaPUC |9 307297 | |
| 583 | |a last modification |c 19890411 00:00:00 |k Rodrigo Vera | ||
| 490 | 0 | |a Colección Deportes Técnicos | |
| 999 | |c 217696 |d 217694 | ||
| 952 | |0 0 |1 0 |4 0 |6 796_077000000000000_GAR_1987 |7 0 |8 A |9 205789 |a BIBEDU |b BIBEDU |d 2019-11-15 |i 2737280 |o 796.077 GAR 1987 |p 2737280 |r 2019-11-15 |w 2019-11-15 |y BK |k EDU | ||
| 952 | |0 0 |1 0 |4 0 |6 796_077000000000000_GAR_1987 |7 0 |8 A |9 205790 |a BIBEDU |b BIBEDU |d 2019-11-15 |i 2737299 |o 796.077 GAR 1987 |p 2737299 |r 2019-11-15 |w 2019-11-15 |y BK |k EDU | ||
| 952 | |0 0 |1 0 |4 0 |6 796_077000000000000_GAR_1987 |7 0 |8 A |9 205791 |a BIBEDU |b BIBEDU |d 2019-11-15 |i 2737302 |l 1 |o 796.077 GAR 1987 |p 2737302 |q 2025-05-23 |r 2025-04-23 |s 2025-04-23 |w 2019-11-15 |y BK |k EDU | ||